000 01767pam a2200421 a 4500
001 989940
005 20260205142126.0
008 861114t19871948nyua j 000 1 eng
010 _a 86027635
020 _a0394890485 (pbk.)
040 _aDLC
_cDLC
_dDLC
042 _alcac
050 0 0 _aPZ7.G15
_bMy 1987
082 0 0 _a[Fic]
_219
100 1 _aGannett, Ruth Stiles.
_919911
245 1 0 _aMy father's dragon /
_cstory by Ruth Stiles Gannett ; illustrations by Ruth Chrisman Gannett.
260 _aNew York :
_bKnopf :
_bDistributed by Random House,
_c[1987], c1948.
300 _a86 p. :
_bill. ;
_c21 cm.
490 _aNewbery
490 1 _aThree tales of my father's dragon ;
_vbk. 1
500 _a"Borzoi spinters"--P. 4 of cover.
500 _aSequel: Elmer and the dragon.
520 _aA young boy runs away from home to rescue an abused baby dragon held captive to serve as a free twenty-four hour, seven-days-a-week ferry for the lazy wild animals living on Wild Island.
650 _aNewbery Medal
650 1 _aDragons
_vFiction.
_95673926
650 1 _aAnimals
_vFiction.
_95678722
650 1 _aRescues
_vFiction.
_95673825
650 1 _aIslands
_vFiction.
_95673780
700 1 _aGannett, Ruth Chrisman,
_eill.
_99186
800 1 _aGannett, R. S.
_tThree tales of my father's dragon ;
_vbk. 1.
_96017053
856 4 2 _3Contributor biographical information
_uhttp://www.loc.gov/catdir/bios/random056/86027635.html
906 _a7
_bcbc
_corignew
_d1
_eocip
_f19
_gy-gencatlg
942 _cBOOK
_00
948 _a01/09/2020
_zSirsi
955 _drf19 2010-02-01
991 _bc-GenColl
_hPZ7.G15
_iMy 1987
_p00009931806
_tCopy 1
_wBOOKS
996 _a174060
_b34301001602319
_cJNEW
_dbk
_ewcl
_fi
_g0
_h7.95
_lmicromarketing
_mGan
_p01/09/2020
_q01/09/2020
999 _c323456
_d323455